Understanding delta-sigma data converters / (Record no. 175728)

000 -LEADER
fixed length control field 01377 a2200253 4500
003 - CONTROL NUMBER IDENTIFIER
control field Nust
005 - DATE AND TIME OF LATEST TRANSACTION
control field 20230831082511.0
010 ## - LIBRARY OF CONGRESS CONTROL NUMBER
LC control number 2004558614
020 ## - INTERNATIONAL STANDARD BOOK NUMBER
Terms of availability 0471465852
035 ## - SYSTEM CONTROL NUMBER
System control number (OCoLC)ocm53156181
040 ## - CATALOGING SOURCE
Transcribing agency Nust
082 00 - DEWEY DECIMAL CLASSIFICATION NUMBER
Classification number 621.3815,SCH
100 1# - MAIN ENTRY--PERSONAL NAME
Personal name Schreier, Richard,
9 (RLIN) 97028
245 10 - TITLE STATEMENT
Title Understanding delta-sigma data converters /
Statement of responsibility, etc. Richard Schreier, Gabor C. Temes.
260 ## - PUBLICATION, DISTRIBUTION, ETC.
Place of publication, distribution, etc. Piscataway, NJ :
Name of publisher, distributor, etc. IEEE Press ;
Place of publication, distribution, etc. Hoboken, N.J. ;
-- Chichester :
Name of publisher, distributor, etc. Wiley ;
Date of publication, distribution, etc. c2005.
300 ## - PHYSICAL DESCRIPTION
Extent xii, 446 p. :
Other physical details ill. ;
Dimensions 24 cm.
505 ## - FORMATTED CONTENTS NOTE
Formatted contents note Introduction (Page-1), The First Order Delta Sigma Modulator (Page-21), The Second –order Delta Sigma Modulator (Page-63), Higher Order Delta Sigma Modulation (Page-91), Band pass and Quadrature Delta Sigma Modulation Page No 139.Implementations Consideration For (Page-179), Delta Sigma DACs (Page-219), Higher –Level Design and Simulation (Page-257), Example Modulator Systems (Page-283).
650 #0 - SUBJECT ADDED ENTRY--TOPICAL TERM
Topical term or geographic name entry element Telecommunication Engineering.
700 1# - ADDED ENTRY--PERSONAL NAME
Personal name Temes, Gabor C.,
Dates associated with a name 1929-
9 (RLIN) 97029
856 42 - ELECTRONIC LOCATION AND ACCESS
Materials specified Contributor biographical information
Uniform Resource Identifier <a href="http://www.loc.gov/catdir/enhancements/fy0621/2004558614-b.html">http://www.loc.gov/catdir/enhancements/fy0621/2004558614-b.html</a>
856 42 - ELECTRONIC LOCATION AND ACCESS
Materials specified Publisher description
Uniform Resource Identifier <a href="http://www.loc.gov/catdir/enhancements/fy0621/2004558614-d.html">http://www.loc.gov/catdir/enhancements/fy0621/2004558614-d.html</a>
856 42 - ELECTRONIC LOCATION AND ACCESS
Materials specified Table of contents only
Uniform Resource Identifier <a href="http://www.loc.gov/catdir/enhancements/fy0621/2004558614-t.html">http://www.loc.gov/catdir/enhancements/fy0621/2004558614-t.html</a>
942 ## - ADDED ENTRY ELEMENTS (KOHA)
Koha item type Reference
Source of classification or shelving scheme
Holdings
Withdrawn status Lost status Source of classification or shelving scheme Damaged status Not for loan Permanent Location Current Location Shelving location Date acquired Full call number Barcode Date last seen Price effective from Koha item type Public note
          Military College of Signals (MCS) Military College of Signals (MCS) Reference 12/12/2016 621.3815,SCH MCS31059 12/08/2016 12/12/2016 Reference Almirah No.21, Shelf No.2
© 2023 Central Library, National University of Sciences and Technology. All Rights Reserved.